Central Library OPAC University of Rajshahi

The daemonic in the poetry of John Keats / (Record no. 20725)

MARC details
000 -LEADER
fixed length control field 00821cam a2200265 a 4500
001 - CONTROL NUMBER
control field 20725
003 - CONTROL NUMBER IDENTIFIER
rucl marc code BD-RjUL
005 - DATE AND TIME OF LATEST TRANSACTION
control field 20211209000612.0
008 - FIXED-LENGTH DATA ELEMENTS--GENERAL INFORMATION
fixed length control field 140302s1970 ilu b 001 1 eng d
035 ## - SYSTEM CONTROL NUMBER
System control number (BD-RjUL)20787
System control number 404185
040 ## - CATALOGING SOURCE
Original cataloging agency LC
Language of cataloging eng
Transcribing agency LC
Modifying agency LC
-- BD-RjUL
041 ## - LANGUAGE CODE
Language code of text/sound track or separate title eng
082 00 - DEWEY DECIMAL CLASSIFICATION NUMBER
Classification number 821.7
Author mark and year PAD 1970
100 1# - MAIN ENTRY--PERSONAL NAME
Personal name Patterson, Charles Ivey,
Dates associated with a name 1913-
9 (RLIN) 63998
245 14 - TITLE STATEMENT
Title The daemonic in the poetry of John Keats /
Statement of responsibility, etc. Charles I. Patterson, Jr.
260 ## - PUBLICATION, DISTRIBUTION, ETC. (IMPRINT)
Place of publication, distribution, etc. Urbana :
Name of publisher, distributor, etc. University of Illinois Press,
Date of publication, distribution, etc. c1970
300 ## - PHYSICAL DESCRIPTION
Pagination xi, 258 p. :
Size 24 cm.
504 ## - BIBLIOGRAPHY, ETC. NOTE
Bibliography, etc Includes bibliographical references.
600 10 - SUBJECT ADDED ENTRY--PERSONAL NAME
Personal name Keats, John,
Dates associated with a name 1795-1821
General subdivision Criticism and interpretation.
650 #0 - SUBJECT ADDED ENTRY--TOPICAL TERM
Topical term or geographic name as entry element Demonology in literature.
9 (RLIN) 64000
942 ## - ADDED ENTRY ELEMENTS (KOHA)
Source of classification or shelving scheme Dewey Decimal Classification
Koha item type Books
Holdings
Lost status Source of classification or shelving scheme Damaged status Not for loan Collection code Permanent Location Current Location Shelving location Date acquired Source of acquisition Cost, normal purchase price Total Checkouts Full call number Date last seen Copy number Koha item type
  Dewey Decimal Classification   Added to bundle Fiction Central Library, University of Rajshahi Central Library, University of Rajshahi Reading Room 06/02/1980 Scholars book 4.50   821.7 PAD 1970 02/03/2014 C-1 Books